000 01245nam0a22003011 4500
001 rc\618804
005 20250621184517.0
035 _a(NLR Aleph) 005861857
090 _a5887119
_c5887119
100 _a20031121d1986 |||y0rusy50 ca
101 0 _arus
102 _aRU
105 _aa |||||||||
200 1 _aВосстановление постоянной составляющей импульсных сигналов с широким спектром
_fВ.Л. Брук, И.Г. Морозов, В.Г. Тишин
210 _aСерпухов
_cИФВЭ
_d1986
215 _a[1], 7 с.
_cил.
_d20
225 1 _aПрепринт
_fГос. ком. по использ. атом. энергии СССР, Ин-т физики высоких энергий
_vИФВЭ ОЭА 86-87
300 _aРез. на англ. яз.
320 _aБиблиогр.: с. 7
700 1 _aБрук
_bВ.Л.
701 1 _7ca
_8rus
_aМорозов
_bИ. Г.
_cканд. физ.-мат. наук, физик
_f1919-2011
_gИван Георгиевич
_9238299
_3RU\NLR\AUTH\770238355
701 1 _aТишин
_bВ.Г.
801 0 _aRU
_bNLR
_gpsbo
801 1 _aRU
_bELAR
_2rusmarc
852 _aNLR
_j87-6/3725
942 _cBOOK
980 _aNB